The Middle East : the image and the reality /
Other Authors: ,
Format: Book
Language: English
Published:
[Berkeley?] :
Regents of the University of California,
c1981.
Subjects:
Tags: Add Tag
Call Number: DS61.8 .M53 1981
| LEADER | 01457nam a2200217Ia 4500 | ||
|---|---|---|---|
| 003 | OSt | ||
| 005 | 20260315071240.0 | ||
| 008 | 211223s1981 cau b 000 0 eng d | ||
| 040 | |c ARCE Library | ||
| 050 | 4 | |a DS61.8 .M53 1981 | |
| 245 | 0 | 4 | |a The Middle East : |b the image and the reality / |c by Jonathan Friedlander ; edited by Mark Newman. |
| 264 | 1 | |a [Berkeley?] : |b Regents of the University of California, |c c1981. | |
| 300 | |a vi, 150 p. ; |c 23 cm. | ||
| 504 | |a Includes bibliographical references. | ||
| 505 | 0 | |a Teaching of the Middle East / Don Peretz -- Multicultural education: a need for greater awareness / José da Silva Gonçalves -- Introducing the Middle East to elementary and junior high school students / Juanita Will Soghikian -- Teaching the Middle East in secondary schools / Mounir Farah -- Successes and failures in teaching Middle Eastern studies at the secondary level / Marvin Fricklas -- Textbooks and teachers: conveyors of knowledge and agents of socialization / Ayad Al-Qazzaz -- Selection criteria and methods of utilizing audiovisual resources / Ronald A. Messier -- Filmstrips for Middle Eastern studies / Jonathan Friedlander -- Education as experience / Mark Newman -- Appendix: The Middle East content priority teaching guide / Jerrold F. Fix. | |
| 651 | 0 | |a Middle East |x Study and teaching. | |
| 700 | 1 | |a Friedlander, Jonathan. | |
| 700 | 1 | |a Newman, Mark, |d 1948- | |
| 901 | |a reviewed | ||
| 942 | |2 lcc |c BK | ||
| 999 | |c 41068 |d 41068 | ||
